| 000 | 00541nam a22001577a 4500 | ||
|---|---|---|---|
| 020 | _qHard Cover. | ||
| 082 | _a004 | ||
| 100 | _aJahanzaib Khan | ||
| 245 |
_aEFFORT ESTIMATION OF COMPONET BASED SOFTWARE DEVELOPMENT (CBSD) LIFECYLE USING FUZZY LOGIC / _cJahanzaib Khan |
||
| 260 |
_aIslamabad : _bCEME - NUST, _c2015. |
||
| 300 |
_aix, 51 p. : ill. ; _c30cm. |
||
| 650 |
_aComputer Software Engineering-MS-Thesis _916105 |
||
| 700 |
_aDr. Assia Khanum. _934529 |
||
| 942 |
_2ddc _cTHE |
||
| 999 |
_c540486 _d540486 |
||